| 000 | 00707nam a2200217 a 4500 | ||
|---|---|---|---|
| 001 | BRCA_2763 | ||
| 005 | 20190320203946.0 | ||
| 008 | 051208s1962----nyua---###---#000-0#eng-u | ||
| 050 | 4 |
_aND813.G6 _b.G69 1962 |
|
| 245 | 1 | 0 |
_aGoya _bcomplete etchings, aquatints and litographs _ctext by Enrique Lafuente Ferrari ; tr. from the Spanish by Raymond Rudorff. |
| 260 |
_aNew York _bH. N. Abrams _c1962 |
||
| 300 |
_a288 p. _bil. _c34 cm. |
||
| 500 | _aAA81 | ||
| 650 | 1 | 4 |
_aAguafuertistas españoles _97772 |
| 650 | 1 | 4 |
_aLitógrafos españoles _97773 |
| 650 | 1 | 4 |
_aPintores españoles _97620 |
| 700 | 1 |
_aLafuente Ferrari, Enrique _92561 |
|
| 700 | 1 |
_aRudorff, Raymond _etr _97774 |
|
| 902 | _aGFM | ||
| 942 |
_2lcc _cB |
||
| 999 |
_c2503 _d2503 |
||